000
00271 a2200121 4500
001
146650
040
_c
Escola São Tomás de Aquino
100
_a
MCDONALD, Megan
240
1
0
_a
Chiclete
_l
por
245
1
0
_a
Chiclete
697
_a
*LITERATURA INFANTO JUVENIL
942
_c
BK
999
_c
146650
_d
146650